Movies Quiz

Random Movies or Clickable Quiz

Harry Potter and the Sorcerer's Stone Movie Quotes Quiz Stats

 Plays Quiz not verified by Sporcle

Also try: Exclamatory Movies
Challenge
Share
Tweet
Embed
Score 0/25 Timer 20:00
0 Plays Today
% Correct
Hermione
98.6%
Dudley
97.3%
Uncle Vernon
96.6%
Professor Snape
96.6%
Professor McGonagall
95.6%
Draco
93.6%
Neville
92.5%
Professor Quirrell
92.5%
Voldemort
92.5%
Professor Flitwick
92.2%
Fred
91.2%
Aunt Petunia
89.8%
Hagrid
88.8%
% Correct
Professor Dumbledore
87.8%
Mrs. Weasley
87.8%
Seamus
87.5%
Percy
86.4%
Harry
86.1%
Oliver
86.1%
Nearly Headless Nick
85.4%
Mr. Ollivander
84.1%
Firenze
83.4%
Ron
82%
Filch
81.7%
Ginny
74.2%

You're not logged in!

Compare scores with friends on all Sporcle quizzes.
OR
Log In

You Might Also Like...

Show Comments

Extras

Top Quizzes Today


Score Distribution

Your Account Isn't Verified!

In order to create a playlist on Sporcle, you need to verify the email address you used during registration. Go to your Sporcle Settings to finish the process.

Report this User

Report this user for behavior that violates our Community Guidelines.

Details: